000 00411nam a2200169Ia 4500
001 14762
003 IN-NITTTR
005 20251114233139.0
008 251113s9999||||xx |||||||||||||| ||eng||
040 _beng
040 _cIN-NITTTR
041 _aeng
082 _a791.450232 M612T
100 _aMillerson, Gerald
245 4 _aThe technique of television production /
_cMillerson, Gerald
942 _2ddc
_cBK
999 _c17398
_d17398